Constitution Party Candidates for President and Vice President - Statistics

General Stats
  • This quiz has been taken 3 times
  • The average score is 3 of 20
Answer Stats
Election Candidate % Correct
2024 Randall Terry
67%
2008 Chuck Baldwin
33%
2004 Chuck Baldwin
33%
2016 Darrell Castle
33%
2008 Darrell Castle
33%
1992 Howard Phillips
33%
1996 Howard Phillips
33%
2000 Howard Phillips
33%
2024 Stephen Broden
33%
1992 Albion W. Knight
0%
2000 Curtis Frazier
0%
2020 Don Blankenship
0%
1996 Herbert Titus
0%
2012 Jim Clymer
0%
2024 (alternate) Joel Skousen
0%
2004 Michael Peroutka
0%
2024 (alternate) Rik Combs
0%
2016 Scott Bradley
0%
2012 Virgil Goode
0%
2020 William Mohr
0%
No matching quizzes found
Score Distribution
Percent of People with Each Score
Percentile by Number Answered
Your Score History
You have not taken this quiz